<?xml version="1.0" encoding="UTF-8"?>
<marc:record xmlns:marc="http://www.loc.gov/MARC21/slim">
   <marc:leader>00000nam a2200000 a 4500</marc:leader>
   <marc:datafield ind1="1" ind2=" " tag="100">
      <marc:subfield code="a">Hoàng Lê, Kiên</marc:subfield>
      <marc:subfield code="4">ill</marc:subfield>
      <marc:subfield code="e">Illustrator/-in</marc:subfield>
   </marc:datafield>
   <marc:datafield ind1="1" ind2=" " tag="100">
      <marc:subfield code="a">Dienberg, Thomas</marc:subfield>
      <marc:subfield code="4">ctb</marc:subfield>
      <marc:subfield code="e">Mitwirkende/-r</marc:subfield>
   </marc:datafield>
   <marc:datafield ind1=" " ind2=" " tag="653">
      <marc:subfield code="a">Hoàng Lê</marc:subfield>
   </marc:datafield>
   <marc:datafield ind1=" " ind2=" " tag="653">
      <marc:subfield code="a">Kiên</marc:subfield>
   </marc:datafield>
   <marc:datafield ind1=" " ind2=" " tag="653">
      <marc:subfield code="a">Fotografie</marc:subfield>
   </marc:datafield>
   <marc:datafield ind1=" " ind2=" " tag="653">
      <marc:subfield code="a">Mönch</marc:subfield>
   </marc:datafield>
   <marc:datafield ind1=" " ind2=" " tag="653">
      <marc:subfield code="a">Kloster</marc:subfield>
   </marc:datafield>
   <marc:datafield ind1=" " ind2=" " tag="653">
      <marc:subfield code="a">Softcover / Kunst/Fotografie</marc:subfield>
   </marc:datafield>
   <marc:datafield ind1=" " ind2=" " tag="653">
      <marc:subfield code="a">Film</marc:subfield>
   </marc:datafield>
   <marc:datafield ind1=" " ind2=" " tag="653">
      <marc:subfield code="a">Video</marc:subfield>
   </marc:datafield>
   <marc:datafield ind1=" " ind2=" " tag="653">
      <marc:subfield code="a">TV</marc:subfield>
   </marc:datafield>
   <marc:datafield ind1=" " ind2=" " tag="653">
      <marc:subfield code="a">Bildband</marc:subfield>
   </marc:datafield>
   <marc:datafield ind1="0" ind2="0" tag="245">
      <marc:subfield code="a">Es sein lassen</marc:subfield>
   </marc:datafield>
   <marc:datafield ind1="0" ind2="0" tag="245">
      <marc:subfield code="c">Kiên Hoàng Lê. Mit Texten von Thomas Dienberg. [Hrsg.: Deutsche Kapuzinerprovinz</marc:subfield>
   </marc:datafield>
   <marc:datafield ind1=" " ind2="1" tag="264">
      <marc:subfield code="a">Dortmund</marc:subfield>
      <marc:subfield code="b">Kettler</marc:subfield>
      <marc:subfield code="c">2014</marc:subfield>
   </marc:datafield>
   <marc:datafield ind1="1" ind2=" " tag="520">
      <marc:subfield code="a">Angaben aus der Verlagsmeldung

Es sein lassen – Kiên Hoàng Lê

Ältere und junge Männer, lange Bärte, kurzgeschorene Haare, in brauner Kutte mit weißem Strick, barfuß in Sandalen, irgendwie nicht von dieser Welt: so oder ähnlich mögen sich viele die Kapuziner heute noch vorstellen.

Kiên Hoàng Lê, geboren 1982 in Hanoi und aufgewachsen in Deutschland, ist seit seiner Kindheit ein Grenzgänger zwischen den Kulturen. Über viele Monate begleitete der Fotograf Mitglieder des deutschen Kapuzinerordens in und außerhalb ihrer Klöster, um den Klischees und Wirklichkeiten dieser fremden Welt nachzugehen. Hoàng Lês Fotografien zeigen die Brüder in Jeans und T-Shirt, in Wanderkleidung oder in smarten Anzügen. Seine Aufnahmen fragen nach den Menschen hinter der Kapuze und versuchen, die Zuversicht, den Zweifel und die Freude der Brüder festzuhalten. Seine Bilder gewähren intime Einblicke, sind mal meditativ, dann wieder zum Schreien komisch, immer jedoch voller Respekt und vertrauter Nähe.

Die großformatigen Aufnahmen stehen in Dialog zu Texten des Heiligen Franziskus und werden um einen Beitrag von Bruder Thomas Dienberg ergänzt.
</marc:subfield>
   </marc:datafield>
   <marc:datafield ind1=" " ind2=" " tag="020">
      <marc:subfield code="a">9783862063659</marc:subfield>
      <marc:subfield code="9">9783862063659</marc:subfield>
   </marc:datafield>
   <marc:datafield ind1=" " ind2=" " tag="041">
      <marc:subfield code="a">ger</marc:subfield>
   </marc:datafield>
   <marc:datafield ind1=" " ind2=" " tag="300">
      <marc:subfield code="a">144 S.</marc:subfield>
   </marc:datafield>
</marc:record>
